Nội dung xã hội và mỹ học Tuồng đồ
Tuồng đồ trong toàn bộ di sản văn hóa Việt Nam: Những Câu chuyện nhận diên tuồng đồ, hệ tư tưởng tuồng đồ...Mỹ học tuồng đồ: Những nguyên lý cơ bản, nghệ thuật cấu trúc, ngôn ngữ tuồng đồ...
Gorde:
| Egile nagusia: | |
|---|---|
| Beste egile batzuk: | |
| Formatua: | Liburua |
| Hizkuntza: | Vietnamese |
| Argitaratua: |
H.
Khoa học xã hội
1984
|
| Gaiak: | |
| Etiketak: |
Etiketa erantsi
Etiketarik gabe, Izan zaitez lehena erregistro honi etiketa jartzen!
|
| Thư viện lưu trữ: | Mạng thư viện Đại học Đà Nẵng |
|---|
| LEADER | 01396nam a2200361 4500 | ||
|---|---|---|---|
| 001 | 000009506 | ||
| 003 | 5703 | ||
| 005 | 20111028141034.0 | ||
| 008 | 111028s1984 viesd | ||
| 020 | |c 19đ | ||
| 041 | 0 | |a vie | |
| 082 | |a 781.6 |b LÊ-C | ||
| 100 | 0 | |a Lê Ngọc Cầu |e Tác giả | |
| 245 | 0 | |a Nội dung xã hội và mỹ học Tuồng đồ |c Lê Ngọc Cầu, Phan Ngọc | |
| 260 | |a H. |b Khoa học xã hội |c 1984 | ||
| 300 | |a 399tr |c 19 cm | ||
| 504 | |a Mục lục tr399 | ||
| 520 | |a Tuồng đồ trong toàn bộ di sản văn hóa Việt Nam: Những Câu chuyện nhận diên tuồng đồ, hệ tư tưởng tuồng đồ...Mỹ học tuồng đồ: Những nguyên lý cơ bản, nghệ thuật cấu trúc, ngôn ngữ tuồng đồ... | ||
| 653 | |a Nội dung xã hội | ||
| 653 | |a Mỹ học | ||
| 653 | |a Tuồng đồ | ||
| 700 | |a Phan Ngọc |e Tác giả | ||
| 910 | |a Thương |d 28/10/2011 | ||
| OWN | |a LSP | ||
| AVA | |a UDN50 |b LSP |d 781.6 LÊ-C |e available |t Error 5001 Not defined in file expand_doc_bib_avail. |f 2 |g 1 |h N |i 0 |k 1 | ||
| 999 | |a From the UDN01 | ||
| AVA | |a UDN50 |b LSP |d 781.6 LÊ-C |e available |t Error 5001 Not defined in file expand_doc_bib_avail. |f 2 |g 1 |h N |i 0 |k 1 | ||
| TYP | |a Monograph | ||
| TYP | |a Printed language | ||
| 980 | |a Mạng thư viện Đại học Đà Nẵng | ||